đŸŽ¶ Paroles "Marie-NoĂ«l" Isabelle Boulay - Statistiques

Statistiques générales
  • Ce quiz a Ă©tĂ© pris 13 fois
  • Le rĂ©sultat moyen est 110 sur 164
Statistiques - réponses
Mots % Correct
d'
100%
En
100%
en
100%
enfant
100%
l'
100%
la
100%
Marie-
100%
Noël,
100%
Noël
100%
s'
100%
Ă 
83%
A
83%
de
83%
fille,
83%
me
83%
mes
83%
Mes
83%
mon
83%
Mon
83%
neige,
83%
neige
83%
Petit
83%
Petite
83%
Quand
83%
C'
67%
ces
67%
coeur
67%
décembre
67%
est
67%
et
67%
Et
67%
fragile
67%
hiver
67%
joujou
67%
Noëls
67%
nous
67%
rĂȘves
67%
revient
67%
se
67%
ta
67%
Tes
67%
yeux
67%
Des
50%
envers
50%
étoiles
50%
Nos
50%
nos
50%
rouge
50%
Sur
50%
amours
33%
ans,
33%
bouche
33%
boules
33%
grands
33%
huit
33%
petits
33%
Plus
33%
plus
33%
rafales
33%
rires
33%
rouges
33%
Ton
33%
verts
33%
deux
17%
rĂȘvent
17%
soleil
17%
souvient
17%
tourner
17%
visage
17%
Faisaient
0%
manĂšges
0%
Minuit,
0%
résonne,
0%
sonne
0%
traĂźneau,
0%
Aucun quiz correspondant
Distribution des résultats
% des personnes avec chaque résultat
Percentile par nombre de réponses
Votre historique - résultats
Vous n’avez pas pris ce quiz